00851cam a22002291 4500001001300000003000400013005001700017008004100034010001700075035001800092040001800110050001800128100003900146245013200185260002200317300001800339490003900357500008400396651005100480830007300531999001700604sa 68007820 DLC20260227112526.0721114s1967 xx 000 0 eng  asa 68007820  a(OCoLC)493853 aDLCcOAUdDLC00aDS644.4b.N371 aNasution, Abdul Haris,d1918-2000.10aPidato ketua Madjelis Permusjawaratan Rakjat Sementara A. H. Nasution pada pembukaan sidang istimewa MPRS tanggal 7 Maret 1967. a[Djakarta,c1967] a31 p.c22 cm.1 aPenerbitan MPRS tahun 1967,vno. 1 aAt head of title: Madjelis Permusjawaratan Rakjat Sementara Republik Indonesia. 0aIndonesiaxPolitics and governmenty1966-1998. 0aMadjelis Permusjawaratan Rakjat Sementara Penerbitan, 1967 ;vno. 1. c82054d82054